Everton Squad 2020/21 - Statistics

General Stats
  • This quiz has been taken 16 times
  • The average score is 18 of 28
Answer Stats
Number Position Nation Player % Correct
19 MF Colombia James Rodriguez
100%
1 GK England Jordan Pickford
100%
7 FW Brazil Richarlison
100%
13 DF Colombia Yerry Mina
100%
6 MF Brazil Allan
90%
9 FW England Dominic Calvert-Lewin
90%
5 DF England Michael Keane
90%
14 FW Turkey Cenk Tosun
80%
10 MF Iceland Gylfi Sigurdsson
80%
12 DF France Lucas Digne
80%
23 DF Ireland Seamus Coleman
80%
17 FW Nigeria Alex Iwobi
70%
21 MF Portugal Andre Gomes
70%
4 DF England Mason Holgate
70%
16 MF France Abdoulaye Doucoure
60%
25 MF Ivory Coast Jean-Philippe Gbamin
60%
20 FW Brazil Bernard
50%
30 MF Bosnia-Herzegovina Muhamed Besic
50%
33 GK Sweden Robin Olsen
50%
26 MF England Tom Davies
50%
24 FW England Anthony Gordon
40%
22 DF England Ben Godfrey
40%
8 MF England Fabian Delph
40%
31 GK Portugal Joao Virginia
30%
49 GK Denmark Jonas Lossl
30%
2 DF England Jonjoe Kenny
30%
18 DF France Niels Nkounkou
30%
29 FW DR Congo Yannick Bolasie
30%
No matching quizzes found
Score Distribution
Percent of People with Each Score
Percentile by Number Answered
Your Score History
You have not taken this quiz